| 000 | 00662nam a22002057a 4500 | ||
|---|---|---|---|
| 999 |
_c61663 _d61663 |
||
| 005 | 20240412114220.0 | ||
| 008 | 240412s2005 enk||||| |||| 00| 0 eng d | ||
| 020 | _a9780192631909x | ||
| 041 | _aeng | ||
| 080 | _a614.88 S-62 | ||
| 100 |
_aSinger, M. _921780 |
||
| 245 |
_aOxford Handbook of Critical Care / _cMervyn Singer, Andrew R. Webb. |
||
| 250 | _a2nd edition | ||
| 264 |
_aOxford : _bOxford University Press, _c2005. |
||
| 300 |
_a605 p.; _b19 cm. |
||
| 653 | _aმედიცინა | ||
| 653 | _aიბნტენსიური თერაპია | ||
| 700 |
_aWebb, Andrew R. _eავტორი _921781 |
||
| 942 |
_2udc _cᲬᲘᲒᲜᲘ |
||